Portugal e as novas fronteiras quinhentistas (Registo nº 1140)

Detalhes MARC
000 -Etiqueta do registo
Cabeçalho 01147nam a2200289 i 4500
005 - Identificador da versão
Campo de controlo 20240813121826.0
010 ## - Número internacional normalizado dos livros (ISBN)
Número (ISBN) 9722710575
021 ## - Número do Depósito Legal
Número 161870/01
100 ## - Dados gerais de processamento
Dados gerais de processamento 20071031d2000----mk-y0pory5003 ba
102 ## - Pais de publicação ou produção
País de publicação Portugal
101 0# - Língua de publicação
Língua do texto, banda sonora, etc. Português
-- Inglês
106 ## - Campo de dados codificados: material textual
Dados codificados do material textual r
105 ## - Campo de dados codificados: livros
Dados codificados dos livros bdeaz---000yy
215 ## - Descrição física 
Indicação específica da natureza do documento e extensão da espécie 89, [13] p.
Outras indicações físicas il.
Dimensões 21 cm
Material acompanhante 1 mapa, 57x44 cm
200 1# - Titulo e menção de responsabilidade
Título próprio Portugal e as novas fronteiras quinhentistas
Título paralelo Portugal and the new sixteenth-century frontiers
Primeira menção de responsabilidade Ana Maria de Azevedo
Outras menções de responsabilidade Reginald Albert Brown
210 ## - Publicação, Distribuição, etc. 
Lugar da edição, distribuição, etc. Lisboa
Nome do editor, distribuidor, etc. Imprensa Nacional-Casa da Moeda
Data da publicação, distribuição, etc. 2000
305 ## - Notas relativas à edição e história bibliográfica da publicação 
Texto da nota Edição bilingue em português e inglês
307 ## - Notas relativas a descrição física 
Texto da nota Obra distribuída com um mapa solto: reprodução do fol. 2 v., do atlas de nove folhas, Anónimo, atribuído a Bartolomeu Velho, datado de ca 1560, pertencente à colecção da Huntington Library, San Marino, California
675 ## - Classificação Decimal Universal (CDU)
Notação 94(469)"15"
Edição BN
Língua da edição por
Notação 913(8)"15"(084.3)
Edição BN
Língua da edição por
702 #1 - Nome de autor-pessoa física (responsabilidade secundária)
Número de registo de entrada de autoridade 0001561
Palavra de ordem Brown
Outra parte do nome não tomada para palavra de ordem Reginald Albert
Código de função Tradutor
700 #1 - Nome de autor-pessoa física (responsabilidade principal)
Número de registo de entrada de autoridade 0001560
Palavra de ordem Azevedo
Outra parte do nome não tomada para palavra de ordem Ana Maria de
Datas 1954-
942 ## - Elementos de entrada adicionados (Koha)
Tipo de item no Koha Livro
Exemplares
Situação do levantamento Origin of item (home branch) (coded) Biblioteca de empréstimo Código de barras Cota Circulation type (not for loan) Tipo de documento Nota do exemplar Damaged status
  Biblioteca Escolar Eng. Nuno Mergulhão Biblioteca Escolar Eng. Nuno Mergulhão BENM2077 9PT AZE   Livro Sem mensagem  
  Biblioteca Escolar Eng. Nuno Mergulhão Biblioteca Escolar Eng. Nuno Mergulhão BENM988 9PT AZE   Livro Sem mensagem